000
00305nam a2200133Ia 4500
005
20251222142001.0
008
251222s9999||||xx |||||||||||||| ||spa||
020
_a
84-666-2905-X
082
_a
891.32/T82/2006
100
_a
Troyat, Henri
245
0
_a
Dostoievski
264
_b
Ediciones B
942
_c
LIB
999
_c
10014
_d
10014